Library of the University of Algiers 3
Ibrahim Sultan Cheibout
شعار جامعة الجزائر 3
مكتبة جامعة الجزائر 3
إبراهيم سلطان شيبوط

محاضرات في المالية العامة / (رقم التسجيلة. 41438)

تفاصيل مارك
000 -LEADER
fixed length control field 03583nam a2200205Ia 4500
003 - CONTROL NUMBER IDENTIFIER
control field Ost
005 - DATE AND TIME OF LATEST TRANSACTION
control field 20260416102401.0
008 - FIXED-LENGTH DATA ELEMENTS--GENERAL INFORMATION
fixed length control field 260416s9999||||xx |||||||||||||| ||und||
040 ## - CATALOGING SOURCE
Transcribing agency fsecg
041 ## - LANGUAGE CODE
Language code of text/sound track or separate title ara
082 ## - DEWEY DECIMAL CLASSIFICATION NUMBER
Classification number 336
100 ## - MAIN ENTRY--PERSONAL NAME
Personal name عبد الحفيظي، امحمد
Relator term مؤلف
245 #0 - TITLE STATEMENT
Title محاضرات في المالية العامة /
Statement of responsibility, etc. امحمد عبد الحفيظي
260 ## - PUBLICATION, DISTRIBUTION, ETC.
Place of publication, distribution, etc. الجزائر
Name of publisher, distributor, etc. جامعة الجزائر3: كلية العلوم الإقتصادية، العلوم التجارية وعلوم التسيير
Date of publication, distribution, etc. 2024
300 ## - PHYSICAL DESCRIPTION
Extent 124 ورقة
Dimensions 12 سم
520 ## - SUMMARY, ETC.
Summary, etc. يدخل في دراسة مقياس المالية العامة علاوة على الموضوعات المتعلقة بجانب النفقات العامة الإيرادات العامة للدولة وكذا الموازنة العامة، موضوعات تتعلق بفلسفة الدولة ودورها في النشاط الاقتصادي، وتأتي هذه المطبوعة من أجل تقديم إحاطة حول هذا المقياس، وذلك ضمن خمسة محاور رئيسية، وقد جاءت محاور المطبوعة متطابقة مع البرنامج الوزاري المخصص لذلك وكذلك مع البحوث التي تتم معالجتها مع الطلبة خلال السنة. وتندرج هذه المطبوعة أساسا ضمن الدروس الموجه لطلبة السنة الثانية علوم اقتصادية وتجارية وعلوم التسيير كل الفروع، على نحو يتيح للطالب إثراء معارفه فيما يتعلق بموضوعات النفقات العامة، الإيرادات العامة ، الموازنة العامة للدولة وبالإضافة إلى تدخل الدولة في النشاط الاقتصادي . وعليه فقد تم تقسيم محاورها كالاتي: المحور الأول: الإطار النظري لمالية الدولة والنشاط الاقتصادي المحور الثاني: طبيعة وفلسفة المالية العامة النقدية. المحور الثالث: الإطار المفاهيمي للنفقات العامة المحور الرابع: مدخل نظري للإيرادات العامة المحور الخامس: الموازنة العامة. Presentation of the publication: Apart from the topics concerning public spending, public income, and the overall budget, this pedagogical publication delves into the State's ideology and its function in the economy. It offers a five-point summary of this measure. The publication's themes align with both the ministerial curriculum for this purpose and the student research being done throughout the year. This publication is primarily used in second-year economic, commercial, and management science courses across all disciplines, allowing students to deepen their understanding of public spending, public revenue, the state's overall budget, and state intervention in the economy. These chapters have therefore been treated: Chapter1: Theoretical framework for State finance and economic activity Chapter 2: The nature and philosophy of monetary public finance. Chapter 3: Conceptual framework for public expenditure Chapter 4: Theoretical input to public revenue Chapter 5: General budget.
653 ## - INDEX TERM--UNCONTROLLED
Uncontrolled term المالية العامة
710 ## - ADDED ENTRY--CORPORATE NAME
Corporate name or jurisdiction name as entry element جامعة الجزائر3: كلية العلوم الإقتصادية، العلوم التجارية وعلوم التسيير
Relator term ناشر علمي
942 ## - ADDED ENTRY ELEMENTS (KOHA)
Koha item type مطبوعات
المقتنيات
Withdrawn status Lost status Source of classification or shelving scheme Damaged status Not for loan Home library Current library Date acquired Serial enumeration / chronology Inventory number Total checkouts Full call number Barcode Date last seen Price effective from Koha item type
    Dewey Decimal Classification   NOT LOAN / إعارة داخلية مكتبة كلية العلوم الإقتصادية والعلوم التجارية وعلوم التسيير مكتبة كلية العلوم الإقتصادية والعلوم التجارية وعلوم التسيير 16/04/2026 الطابق الثاني مط.870-1   مط.870 ن1 مط.870-1 16/04/2026 16/04/2026 مطبوعات

موارد الويب المفتوحة


© University of Algiers 3 All Rights Reserved
|
Implemented by LECHELAH Riad